Palabras originarias para entender a Jesús. Comentarios evangélicos desde el griego, el hebreo y el arameo a las principales festividades del año.

Gardado en:
Detalles Bibliográficos
Autor Principal: Pikaza Ibarrondo, Xabier (autor)
Outros autores: Haya Segovia, Vicente (autor)
Formato: Unknown
Publicado: Madrid, España: San Pablo, 2018.
Series:Colección Fuente
Subjects:
Tags: Engadir etiqueta
Sen Etiquetas, Sexa o primeiro en etiquetar este rexistro!

MARC

LEADER 00000 a2200000 4500
003 CL-VaPUC
005 20221026104440.0
008 221021t2018 ||||| |||| 00| 0 eng d
999 |c 438855  |d 438853 
020 |a 978-84-285-5600-2 
040 |c Pontificia Universidad Católica de Valparaíso 
082 7 |a 226.07 PIK 2018  |2 22 
100 |a Pikaza Ibarrondo, Xabier  |9 314399  |e autor 
245 |a Palabras originarias para entender a Jesús.   |b Comentarios evangélicos desde el griego, el hebreo y el arameo a las principales festividades del año. 
260 |a Madrid, España:  |b San Pablo,  |c 2018. 
300 |a 391 páginas. 
490 |a Colección Fuente 
583 |k GC  |c 20221021 
600 0 |a Jesús  |9 313614  |x Enseñanzas  |x Pasajes evangélicos  
650 |a Biblia   |x Nuevo testamento  |x Crítica e interpretación   |9 877889 
700 |a Haya Segovia, Vicente  |e autor  |9 877831 
942 |2 ddc  |c BK 
952 |0 0  |1 0  |2 ddc  |4 0  |6 226_070000000000000_PIK_2018  |7 0  |8 A  |9 587346  |a BIBTEO  |b BIBTEO  |c GEN  |d 2022-10-17  |e 3  |g 26106.00  |i 5655247  |o 226.07 PIK 2018  |p 5655247  |r 2025-01-17  |t 1  |v 26106.00  |w 2022-10-17  |y BK  |k ICR